| 000 | 00947nam a22002177a 4500 | ||
|---|---|---|---|
| 999 |
_c5270 _d5270 |
||
| 003 | AR-CdUCM | ||
| 008 | 190312b ||||| |||| 00| 0 spa d | ||
| 040 |
_aMUNICIPALIDAD PROVINCIAL DEL CUSCO _cBIBLIOTECA MUNICIPAL DEL CUSCO |
||
| 082 |
_a378 / _bM42 |
||
| 100 |
_aMendoza Diez, Alvaro _91540 |
||
| 245 | _aDocumentos para la reforma de la facultad de derecho y ciencias políticas y sociales de la universidad nacional de Trujillo - Perú / | ||
| 260 |
_aTrujillo : _b"Bolivariana". |
||
| 300 |
_a62 paginas ; _c25 cm. |
||
| 500 | _aDonación de la familia Nieto. Segundo ejemplar, dedicatoria del autor. | ||
| 505 | _aContenido :Documentos para la reforma de la facultad de derecho y ciencias políticas y sociales de la universidad nacional de Trujíllo - Perú | ||
| 650 |
_aEstudio y enseñanza _92610 |
||
| 650 |
_aCiencias jurídicas _915945 |
||
| 650 |
_aDerecho y ciencias politicas _915946 |
||
| 942 |
_2ddc _cLIBROS |
||
| 945 | _arum | ||